|
|
|
|
| LEADER |
00000cam a2200000 7i4500 |
| 001 |
0000005243 |
| 005 |
20160627093000.0 |
| 008 |
021118n |
| 020 |
|
|
|a 0712128018
|
| 090 |
0 |
0 |
|a HF5686.C8
|b B288 1982
|
| 100 |
0 |
|
|a Batty, J. [
|q (Joseph)] ,
|d 1929- ,
|e author
|
| 245 |
0 |
0 |
|a Management accountancy :
|b including financial management and control
|c J. Batty
|
| 250 |
|
|
|a 5th ed.
|
| 260 |
2 |
|
|a Estover, Plymouth :
|b Macdonald and Evans ,
|c 1982
|
| 300 |
|
|
|a 861 p. ; ;
|c 22 cm.
|
| 504 |
|
|
|a Includes index
|
| 650 |
|
0 |
|a Accounting
|
| 650 |
|
0 |
|a Cost accounting
|
| 650 |
|
0 |
|a Managerial accounting
|
| 999 |
|
|
|a 1000014024
|b Book
|c OPEN SHELF (30 DAYS)
|e Gong Badak Campus
|